Loading...

Dictionary of official language : English-Hindi/

Bibliographic Details
Main Author: Hardev Bahri
Format: Printed Book
Published: Allahabad: Lokbharathi, 1998.
Subjects:
LEADER 00567nam a22001571a 4500
082 |a 423.91431  |b HAR/D 
100 |a Hardev Bahri  |9 164508 
245 |a Dictionary of official language : English-Hindi/  |c by Hardev Bahri. 
260 |a Allahabad:  |b Lokbharathi,  |c 1998. 
300 |a 457p. 
500 |a Bahri Hardev 
650 |a Dictionary English Hindi  |9 164509 
650 |a Language  |9 164510 
942 |c REF 
999 |c 10794  |d 10794 
952 |0 0  |1 0  |4 0  |6 R_423_914310000000000_HAR_D  |7 0  |9 15793  |a SSUS  |b SSUS  |d 2015-01-08  |g 200.00  |o R 423.91431 HAR/D  |p 011369  |r 2015-01-08  |v 0.00  |w 2015-01-08  |y REF